Serie A Teams 2024/25 - Statistics

General Stats
  • This quiz has been taken 123 times
  • The average score is 14 of 20
Answer Stats
TEAMS % Correct
Inter
99%
Juventus
97%
Milan
97%
Roma
88%
Napoli
85%
Lazio
81%
Atalanta
78%
Torino
78%
Bologna
74%
Fiorentina
73%
Venezia
67%
Como
65%
Genoa
64%
Hellas Verona
62%
Cagliari
60%
Parma
60%
Udinese
59%
Monza
48%
Empoli
47%
Lecce
46%
No matching quizzes found
Score Distribution
Percent of People with Each Score
Percentile by Number Answered
Your Score History
You have not taken this quiz